Hell's Paradise Personnages - Statistiques

Statistiques générales
  • Ce quiz a été pris 78 fois
    6 depuis la dernière actualisation
  • Le résultat moyen est 15 sur 61
Statistiques - réponses
Indice Réponse % Correct
Criminel Envoyé sur Kotaku Gabimaru / Saku
100%
4ème Rang du Clan Yamada Asaemon Shion Yamada Asaemon
100%
Criminel Envoyé sur Kotaku Chôbei Aza / Chôbê
83%
Tensen Rien / Lhien
83%
12ème Rang du Clan Yamada Asaemon Sagiri Yamada Asaemon
83%
Infiltré du Clan Yamada Asaemon Tôma Aza
83%
Criminel Envoyé sur Kotaku Gantetsusai Tamiya
67%
Tensen Ju Fa / Jufa
67%
Criminelle Envoyée sur Kotaku Yuzuriha
67%
Habitante de Kotaku Mei
50%
Tensen Mu Dan / Mûdan
50%
Criminelle Envoyée sur Kotaku Nurugai
50%
Tensen Ran
50%
2ème Rang du Clan Yamada Asaemon Shugen Yamada Asaemon
50%
Tensen Tao Fa / Taofa
50%
10ème Rang du Clan Yamada Asaemon Tenza Yamada Asaemon
50%
Criminelle Envoyée sur Kotaku Akaginu
33%
9ème Rang du Clan Yamada Asaemon Fuchi Yamada Asaemon
33%
Tensen Gui Fa / Gu'Ifa
33%
Criminel Envoyé sur Kotaku Rokurôta
33%
5ème Rang du Clan Yamada Asaemon Senta Yamada Asaemon
33%
1ème Rang du Clan Yamada Asaemon Eizen Yamada Asaemon
17%
8ème Rang du Clan Yamada Asaemon Genji Yamada Asaemon
17%
Habitant de Kotaku Hôko
17%
Criminel Envoyé sur Kotaku Hôrubô
17%
Renfort du Clan Yamada Asaemon Isuzu Yamada Asaemon
17%
3ème Rang du Clan Yamada Asaemon Jikka Yamada Asaemon
17%
Maître des Tensen Jofuku (Xu Fu)
17%
Criminel Envoyé sur Kotaku Keiun
17%
11ème Rang du Clan Yamada Asaemon Kishô Yamada Asaemon
17%
Renfort du Clan Yamada Asaemon Kiyomaru Yamada Asaemon
17%
Criminel Envoyé sur Kotaku Makiya Moro
17%
Iwagakure Shija
17%
Femme du Shinobi Yui
17%
Tensen Zhu Jin / Djujin
17%
Iwagakure Aogyôbu
0%
Serviteur du Shogun Aoki
0%
Iwagakure Chef d'Iwagakure
0%
Iwagakure Gabimaru 57ème du Nom
0%
6ème Rang du Clan Yamada Asaemon Gagaimo Yamada Asaemon
0%
Iwagakure Ginkakubô
0%
Iwagakure Hagetaka
0%
Iwagakure Hyakume
0%
Iwagakure Karasutengu
0%
Chef du Clan Yamada Asaemon Kichiji Yamada Asaemon
0%
Iwagakure Kinkakubô
0%
Iwagakure Kumokiri
0%
Criminel Matagorô Adachi
0%
Shogun Nariyoshi Tokugawa
0%
Criminel Nikimaru
0%
Iwagakure Nobusuma
0%
Prêtre Dôshi / Daoshi Prêtre Dôshi Laitue
0%
Prêtre Dôshi / Daoshi Prêtre Dôshi Papillon
0%
Prêtre Dôshi / Daoshi Prêtre Dôshi Scolopendre
0%
Prêtre Dôshi / Daoshi Prêtre Dôshi Tentacule
0%
Sœur de la Kunoichi Saya
0%
Criminel Seikichi Tanio
0%
Criminel Shûkan Kido
0%
Iwagakure Suzubikimaru
0%
Membre du Clan Yamada Asaemon Tesshin Yamada Asaemon
0%
7ème Rang du Clan Yamada Asaemon Tsumutsumu Yamada Asaemon
0%
Aucun quiz correspondant
Distribution des résultats
% des personnes avec chaque résultat
Percentile par nombre de réponses
Votre historique - résultats
Vous n’avez pas pris ce quiz depuis la dernière actualisation